| Tag |
First Indicator |
Second Indicator |
Subfields |
| LEADER |
00000cam a2200000Ia 4500 |
| 001 |
in00003604413 |
| 005 |
20170928111609.0 |
| 008 |
141106s2014 it a b i000 0 eng d |
| 019 |
|
|
|a 898228180
|
| 020 |
|
|
|a 9789251084717
|q (print)
|
| 020 |
|
|
|a 9251084718
|q (print)
|
| 020 |
|
|
|a 9789251084724
|q (pdf)
|
| 020 |
|
|
|a 9251084726
|q (pdf)
|
| 035 |
|
|
|a (OCoLC)ocn894570384
|
| 035 |
|
|
|a (OCoLC)894570384
|z (OCoLC)898228180
|
| 040 |
|
|
|a DJB
|b eng
|c DJB
|d DJB
|d YDXCP
|d AGL
|d CUV
|d OCLCF
|d SOI
|d OCLCQ
|d MYNLM
|d TXA
|d UtOrBLW
|
| 049 |
|
|
|a TXAM
|
| 050 |
|
4 |
|a S494.5.S86
|b B84 2014
|
| 070 |
0 |
|
|a S494.5.S86
|b B84 2014
|
| 082 |
0 |
4 |
|a 630
|2 23
|
| 245 |
0 |
0 |
|a Building a common vision for sustainable food and agriculture :
|b principles and approaches.
|
| 264 |
|
1 |
|a Rome :
|b Food and Agriculture Organization of the United Nations,
|c 2014.
|
| 300 |
|
|
|a 50 pages :
|b color illustrations ;
|c 30 cm
|
| 336 |
|
|
|a text
|b txt
|2 rdacontent
|
| 337 |
|
|
|a unmediated
|b n
|2 rdamedia
|
| 338 |
|
|
|a volume
|b nc
|2 rdacarrier
|
| 530 |
|
|
|a Also available online.
|
| 504 |
|
|
|a Includes bibliographical references (pages 48-50).
|
| 505 |
0 |
|
|a An unprecedented confluence of pressures -- A vision for sustainable food and agriculture -- Key principles for sustainability in food and agriculture -- The transition to sustainable food and agriculture -- Annex : FAO's sustainability frameworks and approaches.
|
| 650 |
|
0 |
|a Sustainable agriculture.
|0 http://id.loc.gov/authorities/subjects/sh87004216
|
| 650 |
|
0 |
|a Food supply.
|0 http://id.loc.gov/authorities/subjects/sh85050339
|
| 650 |
|
7 |
|a Food supply.
|2 fast
|0 (OCoLC)fst00931196
|
| 650 |
|
7 |
|a Sustainable agriculture.
|2 fast
|0 (OCoLC)fst01139712
|
| 710 |
2 |
|
|a Food and Agriculture Organization of the United Nations.
|0 http://id.loc.gov/authorities/names/n80004214
|
| 776 |
0 |
8 |
|i Online version:
|t Building a common vision for sustainable food and agriculture.
|d Rome : Food and Agriculture Organization of the United Nations, 2014
|z 9789251084724
|w (OCoLC)894570208
|
| 948 |
|
|
|a cataloged
|b h
|c 2016/2/11
|d c
|e ceaton
|f 11:59:24 am
|
| 994 |
|
|
|a C0
|b TXA
|
| 999 |
f |
f |
|s 6768906e-9958-3cf2-a30f-8a401bc8a65d
|i 79aae5d0-82f6-3dfd-8d25-4857c55ecc12
|t 0
|
| 952 |
f |
f |
|p ric
|a Texas A&M University
|b Rellis Campus
|c Joint Library Facility
|s JLF
|d Remote Storage
|t 0
|e S494.5.S86 B84 2014
|h Library of Congress classification
|i unmediated -- volume
|m A14843328007
|
| 998 |
f |
f |
|a S494.5.S86 B84 2014
|t 0
|l Remote Storage
|